000 00276nam a22001337a 4500
008 170714b xxu||||| |||| 00| 0 eng d
020 _a067470066X
041 _aeng
080 _a101
100 _a24
101 _aFIL
245 _aPREJUDICES
_cNISBET, R
942 _2udc
_cBK
999 _c20812
_d20812